[Event "HCL-A054"]
[Site "www.playchess.de"]
[Date "2001.03.17"]
[Round "20"]
[White "mrchess"]
[Black "schlueter"]
[WhiteElo "1555"]
[BlackElo "1492"]
[PlyCount "100"]
[Result "0-1"]

1.d4 Nf6 2.c4 e5 3.dxe5 Ng4 4.Nf3 Bc5 5.e3 Nc6 
6.Be2 Ngxe5 7.Nxe5 Nxe5 8.Nc3 d6 9.O-O O-O 10.Re1 
Be6 11.b3 a5 12.Ne4 a4 13.Nxc5 dxc5 14.Bb2 Nd7 
15.Qc2 a3 16.Bc3 Nf6 17.Rad1 Qe7 18.Bf3 c6 19.Rd2 
Rfd8 20.Rxd8+ Rxd8 21.Rd1 Rxd1+ 22.Qxd1 Qd7 
23.Qxd7 Bxd7 24.Bd2 b5 25.Bc3 b4 26.Bd2 Bf5 27.Bc1 
Bb1 28.Bd1 Ne4 29.Kf1 Nc3 30.Ke1 Nxa2 31.Kd2 Nxc1 
32.Kxc1 Be4 33.f3 Bf5 34.e4 Be6 35.Bc2 f6 36.Kb1 
Kf7 37.Ka2 g5 38.e5 h6 39.exf6 Kxf6 40.Be4 Bd7 
41.g3 Ke5 42.Bg6 Bh3 43.Be4 Kd4 44.Bxc6 Bg2 45.Bd5 
g4 46.fxg4 Bxd5 47.g5 Bxc4 48.gxh6 Bg8 49.g4 c4 
50.g5 cxb3+ 0-1

[Event "HCL-A054"]
[Site "www.playchess.de"]
[Date "2001.03.17"]
[Round "25"]
[White "Mathemagician"]
[Black "raghavendrakarthik"]
[WhiteElo "1586"]
[BlackElo "1548"]
[PlyCount "35"]
[Result "1-0"]

1.e4 e5 2.Nf3 Nc6 3.d4 exd4 4.Bc4 Nf6 5.e5 d5 
6.Bb5 Ne4 7.Bxc6+ bxc6 8.Nxd4 Bd7 9.Nd2 Nxd2 
10.Qxd2 c5 11.Nf3 Bf5 12.O-O c6 {meeting after a 
long time friend}  13.Rd1 {Yes.}  Be7 14.c4 Bg4 
15.cxd5 Bxf3 16.gxf3 cxd5 17.Qxd5 Qxd5 
18.Rxd5 1-0

[Event "HCL-A054"]
[Site "www.playchess.de"]
[Date "2001.03.17"]
[Round "28"]
[White "mrchess"]
[Black "Mathemagician"]
[WhiteElo "1555"]
[BlackElo "1586"]
[PlyCount "48"]
[Result "0-1"]

1.d4 Nf6 2.c4 c5 3.d5 b5 4.cxb5 a6 5.Nc3 axb5 6.e4 
b4 7.e5 bxc3 8.exf6 cxb2 9.Bxb2 Qa5+ 10.Qd2 Qxd2+ 
11.Kxd2 gxf6 12.Nf3 Bb7 13.Bc4 Rg8 14.Nh4 Rg4 
15.Kd3 Rxh4 16.Rae1 Ba6 17.Bxa6 Nxa6 18.Bxf6 Nb4+ 
19.Kd2 Rxa2+ 20.Kd1 Rf4 21.Bc3 Nxd5 22.Be5 Rb4 
23.Kc1 Bh6+ 24.f4 Nxf4 0-1

[Event "HCL-A062"]
[Site "www.playchess.de"]
[Date "2001.03.17"]
[Round "12"]
[White "Brrrr"]
[Black "Rifleman"]
[WhiteElo "1796"]
[BlackElo "1700"]
[PlyCount "92"]
[Result "0-1"]

1.d4 d5 2.c4 e6 3.Nc3 Nf6 4.Bg5 Be7 5.e3 O-O 6.Nf3 
h6 7.Bh4 Ne4 8.Bxe7 Nxc3 9.Bxd8 Nxd1 10.Be7 Nxb2 
11.Bxf8 Kxf8 12.cxd5 exd5 13.Be2 Bg4 14.Rb1 Bxf3 
15.Bxf3 Na4 16.Bxd5 c6 17.Bf3 Nb6 18.O-O N8d7 
19.Rfc1 Ke7 20.a4 a5 21.Rb3 Kd6 22.Rcb1 Kc7 23.Bg4 
Rb8 24.e4 h5 25.Bxh5 Nxa4 26.Bxf7 b5 27.Rg3 b4 
28.Rxg7 Nc3 29.Re1 b3 30.Be6 b2 31.Rxd7+ Kb6 32.e5 
b1Q {%}  33.Rxb1+ {Sorry, I don't know what "%" 
means.}  Nxb1 {It meens percent but I hita key as 
i passed the message window ,sorry}  34.Bf7 Nc3 
{:}  35.e6 c5 36.d5 a4 37.e7 a3 38.d6 Kc6 39.Rc7+ 
{My 38.d6?? is just TERRIBLE. 38.Rd8 is winnin}  
Kxd6 40.e8N+ {%}  Rxe8 {That was a good move. 
Didn't think of a knight.}  41.Bxe8 {I still 
messed this up terribly with 38.d6}  Kxc7 {If you 
had moved any pawn from the second file I would 
have resigned long ago.}  42.Bf7 {Maybe I'll learn 
something from this.}  Kb6 {Me too.}  43.g4 Kb5 
{:}  44.g5 c4 45.g6 Ne4 46.h4 {Congratulations on 
your "win". I will resign after your reply. See 
you again soon.}  a2 {Thanks this was one of my 
best games. Hope to play you again} 
 0-1

[Event "HCL-A065"]
[Site "www.playchess.de"]
[Date "2001.03.17"]
[Round "5"]
[White "Brrrr"]
[Black "peze"]
[WhiteElo "1796"]
[BlackElo "1923"]
[PlyCount "104"]
[Result "0-1"]

1.d4 Nf6 2.c4 e6 3.Nf3 b6 4.a3 Bb7 5.Nc3 d5 6.cxd5 
Nxd5 7.e3 Be7 8.Bb5+ c6 9.Bd3 Nxc3 10.bxc3 O-O 
11.Qc2 h6 12.O-O c5 13.Qe2 Qc7 14.Rd1 Rd8 15.Bb2 
Nd7 16.dxc5 Nxc5 17.Bc2 Bd6 18.e4 Rac8 19.Rab1 e5 
20.Rd2 Ba6 21.c4 Nb7 22.Bb3 Na5 23.Ba2 Nxc4 
24.Bxc4 Bxc4 25.Qe1 f6 26.Rc1 Qf7 27.Nh4 Bc5 
28.Nf5 Be6 29.Qd1 Rxd2 30.Qxd2 Qd7 31.Qxd7 Bxd7 
32.h4 g6 33.Ng3 Bb5 34.Rb1 Ba4 35.h5 gxh5 36.Nxh5 
Kf7 37.Ng3 Rd8 38.Kh2 Rd3 39.Rf1 Bb5 40.Rc1 Bxf2 
41.Rc7+ Kg6 42.Nf5 Bd7 43.Ne7+ Kg5 44.Rc1 Bg3+ 
45.Kg1 Bf4 46.Rb1 Be6 47.Re1 b5 48.Nc6 Bd2 49.Rf1 
Rb3 50.Nd8 Bc4 51.Bc1 Bxc1 52.Rxc1 
Rxa3 0-1

[Event "HCL-B122"]
[Site "www.playchess.de"]
[Date "2001.03.17"]
[Round "21"]
[White "BOB"]
[Black "Datum"]
[WhiteElo "1500"]
[BlackElo "1200"]
[PlyCount "40"]
[Result "1-0"]

1.d4 d5 2.c4 e6 3.Nc3 Nf6 4.cxd5 Nxd5 5.e4 Bb4 
6.exd5 exd5 7.Nf3 O-O 8.Be3 Nc6 9.Bb5 Ne7 10.O-O 
c5 11.dxc5 Nf5 12.Bd4 a6 13.Ba4 Be6 14.a3 Bxc3 
15.Bxc3 b5 16.cxb6 e.p 17.Qxb6 Nd4 18.Rad8 {i 
think you should give up}  Bc2 19.g6 Nxf5 20.Bxf5 
{play quick}  Bxf5 1-0

[Event "HCL-B134"]
[Site "www.playchess.de"]
[Date "2001.03.17"]
[Round "21"]
[White "gigabyte"]
[Black "costajr"]
[WhiteElo "1200"]
[BlackElo "1413"]
[PlyCount "31"]
[Result "1-0"]

1.d4 Nf6 2.Nc3 g6 3.Bf4 d5 4.Nb5 Na6 5.e3 Bg7 
6.Bd3 c6 7.Nc3 O-O 8.Nf3 Nb4 9.O-O Nxd3 10.Qxd3 
Bf5 11.Qd1 Re8 12.Nh4 Bd7 13.Na4 h6 14.Nc5 g5 
15.Nxb7 Qc8 16.Qd3 1-0

[Event "HCL-B136"]
[Site "www.playchess.de"]
[Date "2001.03.17"]
[Round "4"]
[White "Redbaron"]
[Black "Foo_Lee"]
[WhiteElo "1459"]
[BlackElo "1200"]
[PlyCount "49"]
[Result "1-0"]

1.e4 Nf6 2.Nc3 e5 3.Nf3 Bb4 4.Bc4 O-O 5.Nxe5 Bxc3 
6.dxc3 Re8 7.Bxf7+ Kf8 8.Bxe8 Qxe8 9.Qd4 d6 10.O-O 
dxe5 11.Qc5+ Kg8 12.Qxc7 {I just found out we're 
back!}  Na6 13.Qc4+ Be6 14.Qe2 Nc5 {Ok let´s go!}  
15.Re1 Ncxe4 16.f3 Ng5 17.Bxg5 Nd7 18.Rad1 Qg6 
19.f4 Rf8 20.Ref1 exf4 21.Rd6 Bg4 22.Qc4+ Qf7 
23.Qxf7+ Rxf7 24.Rxf4 Ne5 25.Rd8+ 1-0

[Event "HCL-C083"]
[Site "www.playchess.de"]
[Date "2001.03.17"]
[Round "7"]
[White "comitnt014"]
[Black "adamlm323"]
[WhiteElo "998"]
[BlackElo "1000"]
[PlyCount "47"]
[Result "1-0"]

1.d4 d5 2.Nf3 Nc6 3.Nc3 Bg4 4.e4 e6 5.e5 f6 6.exf6 
Nxf6 7.Bb5 Qd7 8.h3 Bxf3 9.Qxf3 Bb4 10.Bd2 O-O-O 
11.Bg5 Rhf8 12.Qd3 a6 13.Bxc6 Qxc6 14.O-O h6 
15.Bxf6 Rxf6 16.Ne2 Rdf8 17.c3 Bd6 18.f4 g5 
19.fxg5 R6xf1+ 20.Rxf1 Bh2+ 21.Kxh2 Rxf1 22.gxh6 
Qd6+ 23.Ng3 Rf5 {this has been a long,and fun game 
don't u think so}  24.h7 1-0

[Event "HCL-C085"]
[Site "www.playchess.de"]
[Date "2001.03.17"]
[Round "9"]
[White "juszuf"]
[Black "Petra"]
[WhiteElo "1000"]
[BlackElo "1242"]
[PlyCount "56"]
[Result "0-1"]

1.Nf3 d5 2.g3 Nf6 3.Bg2 Nc6 4.O-O e5 5.d4 e4 6.Ne5 
Nxe5 7.dxe5 Nd7 8.Nc3 Nxe5 9.Qd4 Qd6 10.Bf4 f6 
11.Nb5 Qc5 12.c4 Qxd4 13.Nxd4 Bc5 14.e3 O-O 
15.cxd5 f5 16.Bxe5 b6 17.Bxc7 Ba6 18.Rfd1 Bb7 
19.Ne6 Rf7 20.d6 Bc8 21.Nd8 Rf6 22.d7 Be7 23.dxc8Q 
Rxc8 24.Rac1 Bd6 25.Bxd6 Rxd6 26.Nb7 Rxd1+ 27.Rxd1 
g6 28.f3 Re8 0-1

[Event "HCL-C147"]
[Site "www.playchess.de"]
[Date "2001.03.17"]
[Round "3"]
[White "Leon"]
[Black "Herb_CN"]
[WhiteElo "1000"]
[BlackElo "1000"]
[PlyCount "63"]
[Result "1-0"]

1.e4 c5 2.Nf3 Nc6 3.d4 {Finally, after six 
weeks...}  cxd4 {Good to hear from you. I have 
been playing on a different site.}  4.Nxd4 {Good 
to hear from you too. I've been playing on another 
site also, but I like this one best.}  g6 {I 
haven't played on this site long enough to have a 
preference. I have been on Atlantic Chess.}  5.c4 
{What part of the U.S. are you from? -If you don't 
mind me asking.}  Nf6 {Near Philadelphia, PA. 
Where do you live in Mexico?}  6.Nc3 {I live in 
Guadalajara, Jalisco, but I'm moving to Seattle, 
WA, U.S., next week.}  d6 {Good luck with your 
move. New job?}  7.Be2 {Thanks. Not yet, but the 
reason for my moving is gathering enough $ to 
estab. a business here in Mex}  Nxd4 {How long 
will you be in Seattle?}  8.Qxd4 {One to two 
years.}  Bg7 {You will find the climate very 
different. Rains a lot.}  9.Bg5 {Yes, I've been in 
Seattle before, my brother lives there. I was born 
in Chicago and lived in CA also}  O-O {Well, 
that's a help. Are you of Mexican descent?}  
10.Qd2 {Yes, I am.}  a6 {Upon reflection, my last 
question was kinda dumb!}  11.O-O {No, it's OK.}  
Be6 {When do you leave for Seattle?}  12.b3 {I'm 
back. I'm staying at my brothers house in CA for a 
few days and then I'm leaving for Seattle.}  Qa5 
{Hope the rest of your trip goes safely.}  13.Rac1 
{Thank you. I'm in Seattle now. We flew here from 
CA instead of driving because of the weather.}  
Rfe8 {What's the weather doing out there? We had 
12" of snow and no power for 22 hrs last week.}  
14.Bd3 {Wow! It's not so bad over here, it snows 
occationaly, a few inches only.}  Nd7 15.f4 {What 
do you do for a living? Are you retired yet?}  
Qc5+ {IBM retiree - 34 years in mainframe customer 
support & 6 years consulting.}  16.Kh1 {Wow! 
That's great. So now you're just enjoying life. 
What other hobbies do you have besides chess?}  
Nb6 {Reading, photography, travel, and a daughter 
in college. My wife tutors English as a 2nd 
language.}  17.f5 {Good hobbies. What kind of 
traveling do you do?}  Bd7 {Recently, Ireland, 
Scotland, England, Alaska. May try Pacific NW this 
year.}  18.Bh6 {That's great. I'm planning on 
visiting Alaska myself. I have relatives there. I 
hear it's beautiful.}  Be5 {Alaska is like another 
planet in some ways. We did an inside passage 
cruise after seeing Denali.}  19.Nd5 {Yeah, that's 
what I've heard, you get a special feeling when 
you visit the Alaskan landscapes.}  Nxd5 {What 
kind of business do you want to start?}  20.cxd5 
{A machine shop. I am a CNC programmer. I want to 
buy a 2nd hand CNC milling machine to start out.}  
Qb6 {Now I know why I am beginning to feel 
"contoured", apart from my premature Queen moves.} 
 21.fxg6 {Ha! That's funny. What's your daughter's 
major in college? Do you have any more family?}  
hxg6 {She's a photo major. My son is a CPA at an 
investment firm. How about you?}  22.Rxf7 {I quit 
college after 3 semesters. Yes, I regret it. Of my 
5 bros. & 1 sis., 4 finished & 1 is in now}  Bf6 
{Clever, a poisoned rook! Are you married, kids?}  
23.Rxf6 {No, not married yet. I just haven't met 
the right girl. I'm taking my time.}  exf6 {Good 
idea, I got married at 30. How'd you make out 
during the big shake? Was concerned.}  24.Qf4 {I 
got scared. I thought the building was going to 
fall, but we're all OK. Thank you for your 
concern}  Qd4 {I've been in CA for 2 quakes and 
didn't feel either of them. Lucky.}  25.Qxd6 {What 
other parts of the country have you lived in?}  
Rad8 {East coast NYC (born in Brooklyn), NJ, PA. 
Never lived in CA.}  26.Qg3 {Are you planning to 
stay in PA, now that you're retired? Guess what... 
today is my birthday. 28 now.}  Kh7 {Happy BD! PA 
is retiree friendly tax-wise. Wife from PA. 
Probably stay here - like it.}  27.e5 {Thank you. 
Well, that's good, that PA is retiree friendly. 
Your last name, Nannen, where is it from?}  Reg8 
{Nannen is probably Dutch. I sent you a longer 
email, don't know if it got thru.}  28.Bf4 {It got 
thru, just read it. It's interesting. Has this 
info been passed down orally in the family?}  Rdc8 
{I'm having a near-death experience here. See 
email re your question.}  29.Qh4+ {Very 
interesting stuff. Where you ever in the 
military?}  Kg7 {Yes, check your email. The only 
reason to continue this game is the conversation!} 
 30.Qh6+ {Yes, the conversation is very good. 
Check your email.}  Kf7 {Not much time left. Check 
email.}  31.Qh7+ {Right, not much time. Check your 
email.}  Rg7 {Travel was one of the benefits of 
military service. Still is, as long as no one is 
shooting at you.}  32.Bxg6+ {Tell me about your 
acquaintance with chess. When did you start? Who 
taught you? Do you study? Clubs?} 
 1-0

[Event "ACL-A055"]
[Site "www.playchess.de"]
[Date "2001.03.17"]
[Round "7"]
[White "tiomario"]
[Black "xx"]
[WhiteElo "1500"]
[BlackElo "1500"]
[PlyCount "38"]
[Result "0-1"]

1.e4 c5 2.Nf3 e6 3.d4 cxd4 4.Nxd4 Nf6 5.Bd3 b5 
6.e5 Bb7 7.exf6 Qxf6 8.Qg4 Bc5 9.Nf3 Bxf3 10.Qxf3 
Qxf3 11.gxf3 a6 12.Be3 Be7 13.Be4 d5 14.Bd3 Bf6 
15.c3 b4 16.Bd4 Bxd4 17.cxd4 Nc6 18.Rg1 g6 19.Nd2 
Nxd4 0-1

[Event "HCL-C153"]
[Site "www.playchess.de"]
[Date "2001.03.17"]
[Round "1"]
[White "Filk"]
[Black "ankush2g"]
[WhiteElo "1298"]
[BlackElo "1000"]
[PlyCount "28"]
[Result "0-1"]

1.e4 {Hi, and good luck}  c5 {Thanks, U R Welcome} 
 2.Nf3 a6 3.d4 cxd4 4.Nxd4 e5 5.Nf3 Nc6 6.Be2 Be7 
7.O-O d6 8.c3 Nf6 9.Bd3 O-O 10.Be3 d5 11.exd5 Qxd5 
12.c4 Qe6 13.Ng5 Qd7 14.Nc3 Rd8 0-1

[Event "HCL-A066"]
[Site "www.playchess.de"]
[Date "2001.03.17"]
[Round "21"]
[White "BK_Chess"]
[Black "ABBOTS"]
[WhiteElo "1700"]
[BlackElo "1811"]
[PlyCount "60"]
[Result "0-1"]

1.e4 {hello!}  c6 2.d4 d5 3.e5 Na6 4.a3 g6 5.Be3 
Bg7 6.Nf3 Bg4 7.Be2 Bxf3 8.Bxf3 e6 9.Nc3 Ne7 
10.Qd2 h5 11.Bg5 Qc7 12.Qf4 Ng8 13.Qh4 Nh6 14.Bf6 
Nf5 15.Qg5 Bh6 16.Bd8 Rxd8 17.Qf6 Bg7 18.Qg5 Nxd4 
19.Qd2 Nxf3+ 20.gxf3 Qxe5+ 21.Qe2 Qxe2+ 22.Nxe2 
O-O 23.O-O-O c5 24.Rd2 Nc7 25.Rhd1 b5 26.b3 c4 
27.b4 Ne8 28.f4 Nd6 29.f3 Nf5 30.c3 
Rd7 0-1

[Event "HCL-M010"]
[Site "www.playchess.de"]
[Date "2001.03.17"]
[Round "4"]
[White "Zsozso"]
[Black "babygenius"]
[WhiteElo "2200"]
[BlackElo "2200"]
[PlyCount "37"]
[Result "1-0"]

1.e4 {Good luck.}  e5 {and thanks now give me your 
best so i can win}  2.Nc3 {I'll try to.}  Nf6 {can 
ask for no more than that}  3.f4 d5 {what country 
are you from?,i am from indiana,usa}  4.fxe5 Nxe4 
5.d3 {I am from Hungary. I've been living in 
Zalaegerszeg.}  Nxc3 6.bxc3 d4 7.Nf3 dxc3 8.Be2 
Bc5 9.d4 Bb6 10.O-O O-O 11.Be3 Nc6 12.Qd3 Ba5 
13.Ng5 g6 14.Qe4 Kg7 15.Qh4 h5 16.Bxh5 Be6 17.Bxg6 
Rh8 18.Nxe6+ fxe6 19.Rf7+ 1-0

[Event "HCL-A068"]
[Site "www.playchess.de"]
[Date "2001.03.17"]
[Round "12"]
[White "kondor"]
[Black "raghavendrakarthik"]
[WhiteElo "1622"]
[BlackElo "1585"]
[PlyCount "23"]
[Result "1-0"]

1.e4 e5 2.Nf3 Nf6 3.Nxe5 d6 4.Nf3 Nxe4 5.d4 d5 
6.Bd3 Bg4 7.O-O Ng5 8.Bxg5 Bxf3 9.Re1+ Be7 10.Qxf3 
Nc6 11.Bb5 O-O 12.Bxc6 1-0

[Event "HCL-A068"]
[Site "www.playchess.de"]
[Date "2001.03.17"]
[Round "27"]
[White "mrchess"]
[Black "kondor"]
[WhiteElo "1582"]
[BlackElo "1622"]
[PlyCount "56"]
[Result "0-1"]

1.d4 Nf6 2.c4 c5 3.Nf3 g6 4.Nc3 Bg7 5.e3 O-O 6.d5 
e6 7.e4 exd5 8.cxd5 d6 9.Bg5 h6 10.Bh4 g5 11.Bg3 
Nh5 12.Qc2 f5 13.h3 Bxc3+ 14.bxc3 Nxg3 15.fxg3 
fxe4 16.Be2 Qf6 17.O-O exf3 18.Bd3 Qe5 19.g4 Nd7 
20.Rf2 fxg2 21.Bh7+ Kh8 22.Rxf8+ Nxf8 23.Be4 b6 
24.Bxg2 Ba6 25.Qd2 Re8 26.Rd1 Ng6 27.Qc1 Qg3 28.c4 
Re2 0-1

[Event "HCL-C161"]
[Site "www.playchess.de"]
[Date "2001.03.17"]
[Round "10"]
[White "dg"]
[Black "Hefley"]
[WhiteElo "1148"]
[BlackElo "1000"]
[PlyCount "65"]
[Result "1-0"]

1.e4 e5 2.Nf3 Nc6 3.Bb5 Bc5 4.Nc3 Nf6 5.Bxc6 dxc6 
6.O-O Bg4 7.h3 Bh5 8.d3 Rg8 9.Be3 Bxe3 10.fxe3 g5 
11.Qd2 g4 12.hxg4 Nxg4 13.d4 Qd7 14.Rad1 O-O-O 
15.dxe5 Qxd2 16.Rxd2 Nxe3 17.Rff2 Bxf3 {i think 
this may win  :(  if so gl in the rest of your 
tourneys :)~}  18.Rxd8+ Kxd8 {Yea, it does, gl in 
the rest of your tourneys dude, it was a good 
game}  19.Rxf3 Nxg2 20.Kf2 Nh4 {wait, i missed 
that move    DUHHH   :~)}  21.Rh3 Rg4 22.Ke3 Ke7 
23.Kd4 Ke6 24.Na4 b6 25.Nc3 h5 26.Ne2 f5 27.Nc3 
fxe4 28.Nxe4 c5+ 29.Kd3 Kxe5 30.Nf2 Rd4+ 31.Kc3 b5 
32.Nd3+ Kd5 33.Rg3 1-0

[Event "ACL-A084"]
[Site "www.playchess.de"]
[Date "2001.03.17"]
[Round "21"]
[White "man"]
[Black "Edik"]
[WhiteElo "1500"]
[BlackElo "1501"]
[PlyCount "36"]
[Result "0-1"]

1.e4 c6 2.d4 d5 3.exd5 cxd5 4.Nf3 Bf5 5.Bf4 Nc6 
6.Nbd2 Nf6 7.c3 a6 8.g3 h6 9.Bg2 e6 10.O-O Bd6 
11.Be5 Bxe5 12.dxe5 Ne4 13.Nh4 Nxd2 14.Qxd2 Bh7 
15.f4 O-O 16.Rad1 Qb6+ 17.Kh1 Ne7 18.b3 
Rfd8 0-1

[Event "HCL-B160"]
[Site "www.playchess.de"]
[Date "2001.03.17"]
[Round "4"]
[White "King_Safety"]
[Black "jonte2"]
[WhiteElo "1269"]
[BlackElo "1581"]
[PlyCount "74"]
[Result "0-1"]

1.d4 {Greetings from Canada. Good luck in the 
tournament.}  d5 {thanks, and good luck to you too 
:-)}  2.Nf3 {thanks}  Nf6 3.Bf4 e6 4.e3 Bd6 5.Ne5 
O-O 6.Bd3 c5 7.c3 Qb6 8.Qb3 Qxb3 9.axb3 Nh5 10.Bg3 
f6 11.Nf3 Nxg3 12.hxg3 f5 13.Nbd2 Nc6 14.Bb5 Bd7 
15.c4 cxd4 16.Nxd4 Nxd4 17.exd4 Bxb5 18.cxb5 Rfc8 
19.O-O Rc2 20.Nf3 Rxb2 21.Ng5 Rxb3 22.Nxe6 Rxb5 
23.Rfe1 Rb2 24.Ra5 Bb4 25.Nc7 Bxa5 26.Re7 Bxc7 
27.Rxc7 Re8 28.f3 Ree2 29.Rd7 Rexg2+ 30.Kf1 Rxg3 
31.Rxd5 Rxf3+ 32.Ke1 Rff2 33.Rd8+ Kf7 34.Rd7+ Kg6 
35.Rd6+ Kh5 36.Rd7 Rfh2 37.Rxg7 
Rb1+ 0-1

[Event "HCL-E023"]
[Site "www.playchess.de"]
[Date "2001.03.17"]
[Round "6"]
[White "Chris"]
[Black "NOHAU"]
[WhiteElo "2117"]
[BlackElo "2248"]
[PlyCount "74"]
[Result "0-1"]

1.d4 d5 2.Nf3 Nf6 3.Bf4 Bf5 4.e3 Nbd7 5.Nbd2 Nh5 
6.Be2 Nxf4 7.exf4 e6 8.O-O Bd6 9.g3 O-O 10.c3 c5 
11.Re1 Qb6 12.Qb3 Qxb3 13.Nxb3 c4 14.Nbd2 b5 15.a3 
Rfe8 16.Nh4 Bc2 17.Rac1 Ba4 18.Ndf3 a5 19.Bd1 Bxd1 
20.Rcxd1 b4 21.axb4 axb4 22.Rda1 Nf6 23.f5 Rxa1 
24.Rxa1 bxc3 25.bxc3 Ne4 26.Rc1 Ra8 27.fxe6 fxe6 
28.Ng2 Ra3 29.Ne3 Nxc3 30.Kf1 h6 31.Nc2 Ra2 
32.Nfe1 e5 33.dxe5 Bxe5 34.f4 Bf6 35.Nf3 Ne4 
36.Kg1 Be7 37.Ne3 Bc5 0-1

[Event "HCL-C165"]
[Site "www.playchess.de"]
[Date "2001.03.17"]
[Round "8"]
[White "lienk"]
[Black "ATP"]
[WhiteElo "1138"]
[BlackElo "1820"]
[PlyCount "56"]
[Result "0-1"]

1.e4 d5 {*handshake* nice game}  2.e5 Bf5 3.Nf3 e6 
4.d4 c5 5.Bb5+ Nc6 6.c4 Bg4 7.h3 Bxf3 8.Qxf3 cxd4 
9.O-O Nge7 10.Bg5 a6 11.Ba4 Qb6 12.Bb3 Nxe5 13.Qd1 
Nxc4 14.Ba4+ Nc6 15.Bxc6+ Qxc6 16.Qxd4 e5 17.Re1 
f6 18.Bh4 Bc5 19.Qc3 Qb6 20.b3 Bb4 21.Qf3 Bxe1 
22.Qxd5 Rd8 23.Qxc4 Rd1 24.Qe2 Bxf2+ 25.Kh2 Bg1+ 
26.Kg3 Rd3+ 27.Qxd3 Qf2+ 28.Kg4 
h5+ 0-1

[Event "HCL-B167"]
[Site "www.playchess.de"]
[Date "2001.03.17"]
[Round "4"]
[White "Ponten"]
[Black "Salo"]
[WhiteElo "1500"]
[BlackElo "1738"]
[PlyCount "58"]
[Result "0-1"]

1.d4 Nf6 {Good luck! And have a nice tournament!}  
2.e3 d5 3.Nf3 g6 4.Nbd2 {The same to you!}  Bg7 
{Thanks!}  5.Bd3 O-O 6.O-O c5 7.c3 b6 8.b4 Nbd7 
9.Qb3 c4 10.Nxc4 dxc4 11.Bxc4 Bb7 12.Ng5 e6 13.f3 
Bd5 14.e4 Bxc4 15.Qxc4 Rc8 16.Qb3 Qc7 17.Bb2 Nh5 
18.Nh3 Rfd8 19.Rac1 Bh6 20.Rc2 Be3+ 21.Nf2 Bxd4 
22.c4 Bxf2+ 23.Rfxf2 Ne5 24.Rfd2 Rxd2 25.Rxd2 Nxc4 
26.Rc2 b5 27.a4 Qb6+ {Did I tell you that I used 
to play the Colle System? First time, I have to 
play against it!!}  28.Kh1 Rd8 29.Rc1 {My try was 
not so good this time!}  Qf2 {Your queen move was 
an error and you lost a piece, but I still had to 
be careful!}  0-1

[Event "HCL-E021"]
[Site "www.playchess.de"]
[Date "2001.03.17"]
[Round "20"]
[White "Goofy"]
[Black "N_K"]
[WhiteElo "2169"]
[BlackElo "2000"]
[PlyCount "25"]
[Result "1-0"]

1.d4 Nf6 {good luck}  2.c4 e5 3.dxe5 Ng4 4.Bf4 Nc6 
5.Nf3 Bb4+ 6.Nbd2 Qe7 7.a3 Ngxe5 8.Nxe5 Nxe5 9.e3 
Bxd2+ 10.Qxd2 d6 11.Be2 O-O 12.O-O Be6 
13.Qc3 1-0

[Event "HCL-A073"]
[Site "www.playchess.de"]
[Date "2001.03.17"]
[Round "25"]
[White "Blunderer"]
[Black "hominoid"]
[WhiteElo "1945"]
[BlackElo "1426"]
[PlyCount "60"]
[Result "0-1"]

1.e4 c5 2.Nf3 Nc6 3.d4 cxd4 4.Nxd4 d6 5.c4 Nf6 
6.Nc3 g6 7.Be2 Bg7 8.Be3 e6 9.Qd2 O-O 10.O-O-O 
Nxd4 11.Bxd4 b5 12.Nxb5 Nxe4 13.Qd3 Bh6+ 14.Kb1 e5 
15.g4 Bb7 16.f3 Nd2+ 17.Ka1 exd4 18.Rxd2 Bxd2 
19.Qxd2 Qe7 20.Nxd4 d5 21.Rf1 dxc4 22.Bxc4 Rac8 
23.Bb3 Rfd8 24.Qf4 Qc7 25.Qxc7 Rxc7 26.Nb5 Ba6 
27.Nxc7 Bxf1 28.Nd5 Kg7 29.f4 Bh3 30.g5 
Be6 0-1

[Event "HCL-B169"]
[Site "www.playchess.de"]
[Date "2001.03.17"]
[Round "11"]
[White "adamant"]
[Black "Torenvalk"]
[WhiteElo "885"]
[BlackElo "1855"]
[PlyCount "52"]
[Result "0-1"]

1.c4 c5 {good luck}  2.Nc3 Nf6 3.Nf3 Nc6 4.g3 d5 
5.cxd5 Nxd5 6.Bg2 Nb6 7.d3 e5 8.O-O Be7 9.Be3 O-O 
10.Ne4 f5 11.Nxc5 f4 12.Bd2 Bxc5 13.Rc1 Bd6 
14.Qb3+ Kh8 15.Bc3 Qe7 16.Rfe1 Be6 17.Qc2 Rac8 
18.Qd2 Nd5 19.a3 Nxc3 20.Rxc3 Bd5 21.e3 Bxf3 
{Great game !}  22.Bxf3 fxg3 23.Kg2 gxh2 24.Rh1 
Qg5+ 25.Kxh2 e4+ 26.Kh3 Rxf3+ {Checkmate !} 
 0-1

[Event "HCL-B170"]
[Site "www.playchess.de"]
[Date "2001.03.17"]
[Round "3"]
[White "warlock"]
[Black "SAROS"]
[WhiteElo "2001"]
[BlackElo "1315"]
[PlyCount "65"]
[Result "1-0"]

1.e4 d5 2.exd5 Qxd5 3.Nc3 Qd8 4.d4 e6 5.Nf3 Bb4 
6.Bd2 Nf6 7.Bd3 Nd5 8.Nxd5 Bxd2+ 9.Qxd2 exd5 
10.Qe3+ Be6 11.O-O h6 12.Bf5 Qf6 13.Bxe6 fxe6 
14.Rfe1 Ke7 15.Qb3 b6 16.Qxd5 c6 17.Qe5 Re8 
18.Qxf6+ gxf6 19.Re4 Nd7 20.Rae1 Kf7 21.c4 Re7 
22.b4 Rae8 23.Rh4 Rh8 24.Rh5 Kg6 25.Rh3 Kf7 26.Re4 
Kg8 27.d5 cxd5 28.cxd5 e5 29.Nh4 Reh7 30.Ng6 f5 
31.Reh4 Kg7 32.Nxh8 Rxh8 33.Rc4 1-0

[Event "HCL-B171"]
[Site "www.playchess.de"]
[Date "2001.03.17"]
[Round "14"]
[White "Westqualmer"]
[Black "Alone"]
[WhiteElo "1842"]
[BlackElo "1475"]
[PlyCount "55"]
[Result "1-0"]

1.e4 e5 2.Nf3 Nc6 3.Bb5 a6 4.Ba4 Bc5 5.O-O d6 6.c3 
b5 7.Bb3 Bg4 8.Bd5 Nge7 9.Bxf7+ Kd7 10.h3 Bxf3 
11.Qxf3 Kc8 12.b4 Bb6 13.a4 Kb7 14.Qe2 Rf8 15.Bb3 
bxa4 16.Rxa4 Qd7 17.Na3 g6 18.Nc4 Nc8 19.d3 N6e7 
20.Bh6 Rf6 21.Nxb6 Nxb6 22.Ra2 Nc6 23.Be3 Rff8 
24.Rfa1 Ne7 25.R2a3 Nc6 26.Bxb6 cxb6 27.Qa2 a5 
28.Bd5 1-0